El Plet de les xarxes telefòniques catalanes / Mancomunitat de Catalunya
Descripción Física:
250 p. ; 22 cm
Materias:
Telèfon -- Catalunya -- 1922
MARC
| LEADER | 00000nam a2200000Ia 4500 | ||
|---|---|---|---|
| 001 | 488 | ||
| 008 | 160829s1922 xx 000 0 cat d | ||
| 080 | |a M-3-156 | ||
| 110 | 2 | |a Catalunya. |b Mancomunitat |9 53015 | |
| 245 | |a El Plet de les xarxes telefòniques catalanes / Mancomunitat de Catalunya | ||
| 260 | |a Barcelona : |b (Imp. de la Casa de Caritat), |c 1922 | ||
| 300 | |a 250 p. ; |c 22 cm | ||
| 590 | |a Hi ha tres duplicats: DUP-150, DUP-174, DUP-185 (No té portada, coberta ni les 16 primeres págines) | ||
| 650 | |a Telèfon |x Catalunya |x 1922 |9 20449 | ||
| 856 | 4 | |u https://media.diba.cat/diba/fitxers/arxiu/mancomunitat/bib_488_1922_web.pdf |y Accés lliure | |
| 901 | |a Arxiu | ||
| 942 | |n 1 | ||
| 952 | |0 0 |1 0 |4 0 |6 M3156 |7 1 |9 41541 |a Arxiu |b Arxiu |d 2016-12-01 |l 0 |o M-3-156 |p 488 |r 2016-12-01 00:00:00 |w 2016-12-01 |y ARXIU | ||
| 999 | |c 43431 |d 43431 | ||